Datum a čas kvízu
30
Celkem bodů
Celkový počet nahraných bodů na tomto kvízu bez doplňovacích otázek.
3.
Pořadí na kvízu
Konečné umístění týmu na tomto kvízu.
Zaznamenané odpovědi
| # | Otázka | Odpověď | Body | Výsledky |
|---|---|---|---|---|
| 1. | Minulý týden navštívila Českou... | Evropský parlament | 0 | |
| 2. | Ve kterém německém městě se mi... | v Mnichově | 1 | |
| 3. | Jak se nazývá německý zámek, j... | Moritzburg | 0 | |
| 4. | Nadnárodní gigant na poli výro... | Nike | 0 | |
| 5. | Který norský sportovec získal... | Johannes Bö | 1 | |
| 6. | Obec s nejdelším názvem v Česk... | A | 1 | |
| 7. | Česká republika se dělí na 14... | Karlovy Vary, Jihlava | 1 | |
| 8. | Nejvýše položená železniční st... | Kubova | 1 | |
| 9. | V této otázce bude potřeba k z... | 1B 2A 3C 4D | 1 | |
| 10. | V České republice jsou čtyři ú... | Krkonošský NP | 0 |